Les joueurs français en NBA et en G League(2025/2026) - Statistiques

Statistiques générales
  • Ce quiz a été pris 44 fois
  • Le résultat moyen est 14 sur 23
Statistiques - réponses
Réponses % Correct
Nicolas Batum
94%
Victor Wembanyama
94%
Alex Sarr
88%
Olivier Sarr
88%
Bilal Coulibaly
79%
Rudy Gobert
79%
Guerschon Yabusele
76%
Zaccharie Risacher
76%
Killian Hayes
73%
Maxime Raynaud
73%
Nolan Traoré
67%
Moussa Diabaté
58%
Tidjane Salaun
55%
Mohamed Diawara
48%
Ousmane Dieng
48%
Rayan Rupert
48%
Sidy Cissoko
48%
Noah Penda
45%
Noa Essengue
42%
Pacome Dadiet
42%
Joan Beringer
30%
Adama Bal
6%
Daniel Batcho
0%
Aucun quiz correspondant
Distribution des résultats
% des personnes avec chaque résultat
Percentile par nombre de réponses
Votre historique - résultats
Vous n’avez pas pris ce quiz